Normal view
MARC view
Entry Topical Term
001 - CONTROL NUMBER
- control field: 73193
003 - CONTROL NUMBER IDENTIFIER
- control field: OSt
005 - DATE AND TIME OF LATEST TRANSACTION
- control field: 20181111125740.0
008 - FIXED-LENGTH DATA ELEMENTS
- fixed length control field: 181111|| aca||aabn | a|a d
040 ## - CATALOGING SOURCE
- Original cataloging agency: OSt
- Transcribing agency: OSt
150 ## - HEADING--TOPICAL TERM
- Topical term or geographic name entry element: G.K.
670 ## - SOURCE DATA FOUND
- Source citation: Work cat.: (OSt): Arihant 73192, SSC CG[' Tier 1]40+Solved Papers 2016 -2017 [online pattern ], 2017









